| Tag |
First Indicator |
Second Indicator |
Subfields |
| LEADER |
00000cam a2200000 a 4500 |
| 001 |
in00000014228 |
| 005 |
20151007052151.0 |
| 008 |
870708s1987 mduab br 00000 eng |
| 010 |
|
|
|a 87081192
|
| 020 |
|
|
|a 0933937032 :
|c $75.00
|
| 035 |
|
|
|a (OCoLC)16146416
|
| 035 |
|
|
|9 AAA6590AM
|
| 040 |
|
|
|a DLC
|c FWP
|d NCS
|d TXA
|d UtOrBLW
|
| 049 |
|
|
|a TXAF
|c [A12644249]
|
| 050 |
|
4 |
|a JK2443
|b .S72 1987
|
| 245 |
0 |
0 |
|a State information book /
|c edited by Gerry Jones ; associate editor/database manager, Susan D. Hillenbrand ; assistant editor, Lucy W. Blanton.
|
| 250 |
|
|
|a 1987-88 ed.
|
| 264 |
|
1 |
|a Rockville, MD :
|b INFAX Corp.,
|c [1987]
|
| 264 |
|
4 |
|c ©1987
|
| 300 |
|
|
|a 863 pages :
|b illustrations, maps ;
|c 24 cm.
|
| 336 |
|
|
|a text
|b txt
|2 rdacontent
|
| 337 |
|
|
|a unmediated
|b n
|2 rdamedia
|
| 338 |
|
|
|a volume
|b nc
|2 rdacarrier
|
| 504 |
|
|
|a Bibliography: pages 861-863.
|
| 650 |
|
0 |
|a State governments
|x Directories.
|
| 700 |
1 |
|
|a Jones, Geraldine U.
|
| 700 |
1 |
|
|a Hillenbrand, Susan D.
|
| 710 |
2 |
|
|a INFAX Corporation.
|
| 999 |
|
|
|a MARS
|
| 999 |
f |
f |
|s 01660379-e8bb-3cec-89ad-41332f48ccb5
|i 4202795a-4dbb-3ab5-9927-66da7c8d163b
|t 0
|
| 952 |
f |
f |
|p ric
|a Texas A&M University
|b Rellis Campus
|c Joint Library Facility
|d Remote Storage
|t 0
|e JK2443 .S72 1987
|h Library of Congress classification
|i unmediated -- volume
|m A14812644249
|
| 998 |
f |
f |
|a JK2443 .S72 1987
|t 0
|l Remote Storage
|